000 00216nam a2200085Ia 4500
008 120527s9999 xx 000 0 und d
100 _aProtter & Morrey
245 _aCollege Calculus with analytic Geometry
942 _cBK
999 _c27858
_d27858